Identification and Mitigation of Denial of Service Attacks on Electric Vehicle Charging Stations/ (Record no. 593497)

000 -LEADER
fixed length control field 00526nam a22001577a 4500
003 - CONTROL NUMBER IDENTIFIER
control field NUST
082 ## - DEWEY DECIMAL CLASSIFICATION NUMBER
Classification number 200
100 ## - MAIN ENTRY--PERSONAL NAME
Personal name Basit, Abdul
245 ## - TITLE STATEMENT
Title Identification and Mitigation of Denial of Service Attacks on Electric Vehicle Charging Stations/
Statement of responsibility, etc. Abdul Basit,
264 ## - PRODUCTION, PUBLICATION, DISTRIBUTION, MANUFACTURE, AND COPYRIGHT NOTICE
Place of production, publication, distribution, manufacture Islamabad :
Name of producer, publisher, distributor, manufacturer SEECS, NUST,
Date of production, publication, distribution, manufacture, or copyright notice 2023.
300 ## - PHYSICAL DESCRIPTION
Extent 46 p. ;
Dimensions 30 cm.
650 ## - SUBJECT ADDED ENTRY--TOPICAL TERM
Topical term or geographic name entry element MS-Computer Science
700 ## - ADDED ENTRY--PERSONAL NAME
Personal name Supervisor: Dr Asad Waqar Malik
856 ## - ELECTRONIC LOCATION AND ACCESS
Uniform Resource Identifier <a href="http://10.250.8.41:8080/xmlui/handle/123456789/32442">http://10.250.8.41:8080/xmlui/handle/123456789/32442</a>
942 ## - ADDED ENTRY ELEMENTS (KOHA)
Source of classification or shelving scheme
Koha item type Soft Copy
Holdings
Withdrawn status Permanent Location Current Location Shelving location Date acquired Full call number Barcode Koha item type
  Central Library (CL) Central Library (CL) Thesis 03/02/2023 200 CL-T-6718 Soft Copy
© 2023 Central Library, National University of Sciences and Technology. All Rights Reserved.